000 02501nam0a22004331 4500
001 RU\NLR\A1DV\30040
005 20260408063611.0
035 _a(NLR Aleph) 010777156
090 _a10049110
_c10049110
100 _a20010731d1804 m y0rusy50 ca
101 0 _arus
102 _aRU
140 _ay y cayaa0000
200 1 _aЛиза, или Следствия гордости и обольщения,
_eдрама в пяти действиях,
_fсочинения В.Федорова,
_gзаимствованная из Бедной Лизы гна Карамзина.
_gПредставлена в первый раз на Петербургском Придворном театре 2 декабря 1803 года
210 _aМосква
_cв типографии С.Селивановскаго
_d1804
215 _a[8], 76 с.
_d
300 _aЦенз.: Моск. ун-та ценз. ком.
300 _aЦена: 1 рубль в бумажке
300 _aНа с.[3-5] посвящ. авт. имп. Елизавете Алексеевне
316 _aЭкз. РНБ (18.168.2.22) в изд. обл.
_5NLR: 18.168.2.22
317 _aЭкз. РНБ (18.168.2.22) из б-ки М.Е.Лобанова
_5NLR: 18.168.2.22
321 1 _aПлав. 5451
321 1 _aСмирд. 7523
321 1 _aСоп. 3385
517 1 _aСледствия гордости и обольщения
620 _dМосква
700 1 _4070
_8rus
_7ca
_aФедоров
_bВ. М.
_cпоэт, драматург
_gВасилий Михайлович
_3RU\NLR\AUTH\7785480
_968408
702 1 _4100
_8rus
_7ca
_aКарамзин
_bН. М.
_f1766-1826
_gНиколай Михайлович
_3RU\NLR\auth\773443
_9113439
702 0 _4280
_8rus
_7ca
_aЕлизавета Алексеевна
_cимператрица российская
_f1779-1826
_3RU\NLR\AUTH\7712136
_9121867
702 1 _4390
_8rus
_7ca
_aЛобанов
_bМ. Е.
_cпереводчик, поэт
_f1787-1846
_gМихаил Евстафьевич
_3RU\NLR\AUTH\7794504
_977430
702 1 _4610
_7ca
_8rus
_aСеливановский
_bС.И.
_f1772-1835
_gСемен Иоанникиевич
_9236104
_3RU\NLR\AUTH\770236160
712 0 0 _4610
_aСеливановский,
_gС.,
_hтипография и словолитня
_cМосква
_3RU\NLR\AUTH\8810035689
_9569800
801 0 _aRU
_bNLR
_c20010731
852 _aNLR
_j18.168.2.22
852 _aNLR
_j138/1873
942 _cBOOK
980 _aNB
980 _aA1DV